| 000 | 00611nam a2200229Ia 4500 | ||
|---|---|---|---|
| 003 | OSt | ||
| 005 | 20221006164257.0 | ||
| 006 | a|||||r|||| 00| 0 | ||
| 007 | ta | ||
| 008 | 221006b |||||||| |||| 00| 0 eng d | ||
| 024 | _a1,352 | ||
| 037 | _cTextual | ||
| 040 |
_aFML _cFML _beng |
||
| 041 |
_2eng _aeng |
||
| 082 | _aQ131, K3 | ||
| 100 |
_aLahiri Vibhor Kumar Au. _9677027 |
||
| 245 | 0 |
_aSamveda Samhita _b Agneya Parva |
|
| 260 |
_aKolkata _bK L M Publication _c1963 |
||
| 300 |
_a55 _ccm. |
||
| 942 |
_hQ131, K3 _cTEXL _2CC |
||
| 999 |
_c1116713 _d1116713 |
||